Word Ladder: Zodiac Attack Quiz Stats

 Plays Quiz Updated Oct 6, 2013

Support Sporcle.
Go Orange.
Score 0/33 Timer 03:00
1 Play Today
Clue Answer % Correct
Not emptyFULL
95.2%
♉ Taurus ♉♉ BULL ♉
95%
A tightly closed handFIST
94.4%
♓ Pisces ♓♓ FISH ♓
94.3%
It holds up your pantsBELT
94.2%
Sense by touchFEEL
93.6%
Something you can ringBELL
93.1%
What a podiatrist treatsFEET
92.3%
What you burn for energyFUEL
92.1%
MisplacedLOST
91.5%
Italian automakerFIAT
91.4%
How nice guys finishLAST
91.2%
♌ Leo ♌♌ LION ♌
91%
An item of food, or what you serve it inDISH
90.8%
AccomplishmentFEAT
90.7%
A unit of salt larger than a pinchDASH
86.7%
Beat with a whipLASH
86.6%
Clue Answer % Correct
♋ Cancer ♋♋ CRAB ♋
86.4%
SlenderTHIN
85.2%
What a thief collectsLOOT
84.7%
Saudi, Iraqi, Egyptian, etcARAB
83.6%
Bird reputed to be crazyLOON
82.9%
You feel it when you danceBEAT
82.8%
At what time?WHEN
82.2%
At that time!THEN
81.7%
♊ Gemini ♊♊ TWIN ♊
76.5%
Security interest in a propertyLIEN
69.1%
What the Viennese call ViennaWIEN
65.8%
It can be green, black, or navyBEAN
62.6%
Shrinking sea of central AsiaARAL
49.1%
Cereal grain husksBRAN
48.2%
A type of fixationORAL
46.1%
Algeria's second largest cityORAN
36.9%

Today's Daily Dose

You're not logged in!

Compare scores with friends on all Sporcle quizzes.
OR
Log In

From the Vault

World by Any 2 Letters Blitz

by goc3

This is really a typing challenge in disguise.
Remove Ads.
Support Sporcle.
Get the best of Sporcle when you Go Orange. This ad-free experience offers more features, more stats, and more fun while also helping to support Sporcle. Thank you for becoming a member.

Show Comments

Extras

Top Quizzes Today


Score Distribution

Your Account Isn't Verified!

In order to create a playlist on Sporcle, you need to verify the email address you used during registration. Go to your Sporcle Settings to finish the process.

Report this User

Report this user for behavior that violates our Community Guidelines.

Details: